| 000 | 00555nam a2200181Ia 4500 | ||
|---|---|---|---|
| 003 | GCL | ||
| 008 | 140319s9999 xx 000 0 ara d | ||
| 040 |
_aGCL / _cGCL |
||
| 082 | 0 | 4 |
_aم _b810.8005 _bق ع |
| 245 | 1 | 0 | _aعيون الاخبار |
| 260 |
_a[S.N] : _bدار الكتب العلمية للنشر والتوزيع |
||
| 300 | _a415 ص | ||
| 490 |
_aشكاوى المصرى الفصيح _v0 |
||
| 650 | 0 | 4 | _aالادب العربى |
| 650 | 0 | 4 | _aالدولة العباسية الثانية |
| 650 | 0 | 4 | _aالمجموعات |
| 942 |
_2ddc _cREF |
||
| 999 |
_c59361 _d59361 |
||